[Event "SWE-ch Blitz"]
[Site "Stockholm"]
[Date "2023.01.01"]
[Round "4"]
[White "Kucuksari, Kaan"]
[Black "Semcesen, Daniel"]
[Result "0-1"]
[WhiteElo "2492"]
[BlackElo "2462"]
[PlyCount "120"]
[EventDate "2023.01.01"]
[EventType "swiss (blitz)"]
[EventRounds "13"]
[EventCountry "SWE"]
[SourceTitle "CBM 211 Extra"]
[Source "ChessBase"]
[SourceDate "2023.01.31"]
[SourceVersion "1"]
[SourceVersionDate "2023.01.31"]
[SourceQuality "1"]

1. d4 d5 2. Bf4 Nf6 3. e3 c6 4. Nd2 Bf5 5. c4 e6 6. Qb3 Qc8 7. Ngf3 Nbd7 8. h3 h6 9. Be2 Be7 10. 0-0 0-0 11. Rac1 Re8 12. a4 Bd8 13. Qa3 a5 14. Bd3 Bxd3 15. Qxd3 Bc7 16. b3 Qb8 17. Bxc7 Qxc7 18. e4 dxe4 19. Nxe4 Nxe4 20. Qxe4 e5 21. Rfe1 Nf6 22. Qe3 exd4 23. Qxd4 Rad8 24. Rxe8+ Rxe8 25. Rd1 Re7 26. Qd8+ Ne8 27. Qa8 Kh7 28. Rd8 Nf6 29. Rh8+ Kg6 30. Qd8 Qxd8 31. Rxd8 Ne4 32. Ra8 Nc5 33. Nd4 Rd7 34. Nf3 f6 35. Rxa5 Nxb3 36. Ra7 Kf5 37. a5 Nc5 38. Ra8 Ke4 39. Re8+ Kd3 40. Nh4 Kxc4 41. Nf5 Kb5 42. Rg8 Ne6 43. Re8 Nd4 44. Nxd4+ Rxd4 45. Re7 Ka6 46. Rxg7 c5 47. Rf7 Rd6 48. Rh7 c4 49. Re7 c3 50. Re2 Kxa5 51. Rc2 Rc6 52. Kf1 b5 53. Ke2 Kb4 54. Kd1 Kc4 55. Re2 Rd6+ 56. Kc2 b4 57. Re4+ Rd4 58. Rxd4+ Kxd4 59. h4 Ke4 60. g4 Kf3 0-1

[Event "Malmo Stella Limhamn"]
[Site "Malmo"]
[Date "2018.12.01"]
[Round "6"]
[White "Semcesen, Daniel"]
[Black "Grandelius, Nils"]
[Result "0-1"]
[WhiteElo "2464"]
[BlackElo "2678"]
[PlyCount "56"]
[EventDate "2018.12.01"]
[EventType "tourn (rapid)"]
[EventRounds "7"]
[EventCountry "SWE"]
[EventCategory "12"]
[SourceTitle "CBM 187 Extra"]
[Source "ChessBase"]
[SourceDate "2018.11.04"]
[SourceVersion "1"]
[SourceVersionDate "2018.11.04"]
[SourceQuality "1"]

1. d4 Nf6 2. Nf3 d5 3. Bg5 Ne4 4. Bf4 c5 5. e3 Qb6 6. Qc1 Nc6 7. c3 Bf5 8. Nbd2 e6 9. Be2 Be7 10. h3 0-0 11. 0-0 Rfc8 12. Nxe4 Bxe4 13. Rd1 h6 14. Ne5 Nxe5 15. Bxe5 cxd4 16. exd4 Bg5 17. Rd2 Bxd2 18. Qxd2 Qd8 19. Bf4 a6 20. a4 b5 21. axb5 axb5 22. Rxa8 Rxa8 23. Bxb5 Qb6 24. Qe2 Ra5 25. Bd3 Bxd3 26. Qxd3 Qxb2 27. Qg3 Qb1+ 28. Kh2 Ra1 0-1

[Event "SWE-chT 1718 Elite"]
[Site "Sweden"]
[Date "2018.02.03"]
[Round "5.5"]
[White "Hansen, Mads"]
[Black "Semcesen, Daniel"]
[Result "0-1"]
[WhiteElo "2393"]
[BlackElo "2482"]
[PlyCount "82"]
[EventDate "2017.10.20"]
[EventType "team-tourn"]
[EventRounds "9"]
[EventCountry "SWE"]
[SourceTitle "EXT 2019"]
[Source "ChessBase"]
[SourceDate "2018.10.10"]
[SourceVersion "1"]
[SourceVersionDate "2018.10.10"]
[SourceQuality "1"]
[WhiteTeam "Limhamn"]
[BlackTeam "Malmo"]
[WhiteTeamCountry "SWE"]
[BlackTeamCountry "SWE"]

1. e4 e5 2. Nf3 Nc6 3. Bc4 Be7 4. d4 d6 5. 0-0 Nf6 6. d5 Nb8 7. Bd3 0-0 8. c4 Nbd7 9. Nc3 Nh5 10. Re1 g6 11. Bh6 Ng7 12. b4 Nf6 13. Nd2 Ng4 14. Bxg7 Kxg7 15. Be2 Nh6 16. Nb3 f5 17. a4 f4 18. a5 g5 19. g4 fxg3 20. hxg3 Qe8 21. Kg2 Qg6 22. Bh5 Qf6 23. Ra2 g4 24. a6 bxa6 25. Na5 Qg5 26. Rh1 Rf3 27. Ne2 Bd7 28. Ng1 Rff8 29. Rh4 Kh8 30. Nc6 Bxc6 31. dxc6 Rab8 32. Bxg4 Qg7 33. Rxh6 Qxh6 34. Rxa6 Rxb4 35. Rxa7 Rb2 36. Be2 Bd8 37. Rb7 Rd2 38. Qe1 Rc2 39. Qb1 Rc1 40. Qd3 Rxf2+ 41. Kxf2 Qh2+ 0-1

[Event "DEN-chT 1718 56th"]
[Site "Denmark"]
[Date "2018.01.14"]
[Round "6.5"]
[White "Hoi, Carsten"]
[Black "Semcesen, Daniel"]
[Result "1-0"]
[WhiteElo "2354"]
[BlackElo "2483"]
[PlyCount "73"]
[EventDate "2017.11.18"]
[EventType "team-tourn"]
[EventRounds "9"]
[EventCountry "DEN"]
[SourceTitle "EXT 2019"]
[Source "ChessBase"]
[SourceDate "2018.10.10"]
[SourceVersion "1"]
[SourceVersionDate "2018.10.10"]
[SourceQuality "1"]
[WhiteTeam "Bronshoj"]
[BlackTeam "Skanderborg Nordea"]
[WhiteTeamCountry "DEN"]
[BlackTeamCountry "DEN"]

1. d4 f5 2. Nf3 Nf6 3. Bg5 e6 4. Nbd2 Be7 5. c3 0-0 6. Qc2 d5 7. Bxf6 Bxf6 8. h3 c5 9. e3 Nc6 10. g4 b6 11. Bb5 Qc7 12. 0-0-0 a6 13. Bxc6 Qxc6 14. Ne5 Qc7 15. f4 c4 16. gxf5 exf5 17. Nf1 b5 18. Ng3 Rb8 19. Nh5 b4 20. cxb4 Rxb4 21. Rhg1 Be6 22. Rxg7+ Bxg7 23. Rg1 Rb7 24. Rxg7+ Qxg7 25. Nxg7 Kxg7 26. Qg2+ Kh8 27. Qg5 Rg7 28. Qh6 Re8 29. Qf6 Kg8 30. h4 a5 31. h5 Rc7 32. h6 Rb7 33. Ng6 hxg6 34. Qxg6+ Kf8 35. h7 Rxh7 36. Qxh7 Re7 37. Qh8+ 1-0

[Event "SWE-chT 1718 Elite"]
[Site "Sweden"]
[Date "2017.10.21"]
[Round "2.1"]
[White "Semcesen, Daniel"]
[Black "Ivanov, Sergey"]
[Result "1/2-1/2"]
[WhiteElo "2482"]
[BlackElo "2539"]
[PlyCount "141"]
[EventDate "2017.10.20"]
[EventType "team-tourn"]
[EventRounds "9"]
[EventCountry "SWE"]
[SourceTitle "CBM 181 Extra"]
[Source "ChessBase"]
[SourceDate "2017.12.12"]
[SourceVersion "1"]
[SourceVersionDate "2017.12.12"]
[SourceQuality "1"]
[WhiteTeam "Malmo"]
[BlackTeam "Viking Team"]
[WhiteTeamCountry "SWE"]
[BlackTeamCountry "SWE"]

1. d4 Nf6 2. c4 e6 3. Nf3 b6 4. a3 Ba6 5. Qc2 Bb7 6. Nc3 c5 7. dxc5 bxc5 8. Bf4 d6 9. e3 Be7 10. Be2 0-0 11. 0-0 Nh5 12. Bg3 Nxg3 13. hxg3 Nd7 14. Rfd1 Nf6 15. b4 Qc7 16. b5 Rfd8 17. a4 d5 18. a5 Rac8 19. Bf1 g6 20. Qb2 Ng4 21. b6 axb6 22. Qxb6 Qxb6 23. axb6 d4 24. Nb5 dxe3 25. fxe3 Rc6 26. Rxd8+ Bxd8 27. Rd1 Bxb6 28. Ng5 Nxe3 29. Rd3 Nxf1 30. Kxf1 Ba6 31. Rd7 Bxb5 32. cxb5 Rc7 33. Ne4 Kf8 34. Rd6 Rb7 35. Rc6 Rb8 36. g4 h6 37. Ke2 Ke7 38. Kd3 f5 39. gxf5 gxf5 40. Nxc5 Bxc5 41. Rxc5 Rg8 42. Rc2 Kd6 43. Rb2 e5 44. Ke3 Rg3+ 45. Kf2 Rg7 46. b6 Kc6 47. Kf3 Rb7 48. Re2 Re7 49. Rb2 h5 50. g3 Rd7 51. Kg2 Rb7 52. Rf2 Rf7 53. Rb2 e4 54. Rb1 Rb7 55. Rf1 Rxb6 56. Rxf5 Rb2+ 57. Kf1 Rb5 58. Rf8 Kd5 59. Kf2 Kd4 60. Rd8+ Rd5 61. Ra8 Rf5+ 62. Ke2 Rb5 63. Rd8+ Ke5 64. Rh8 Kf6 65. Ke3 Re5 66. Rf8+ Kg5 67. Rf4 Re7 68. Rh4 Re6 69. Rf4 Re8 70. Rh4 Ra8 71. Rxe4 1/2-1/2

[Event "Vasteras op"]
[Site "Vasteras"]
[Date "2017.09.29"]
[Round "2"]
[White "Horbing, Stefan"]
[Black "Semcesen, Daniel"]
[Result "0-1"]
[WhiteElo "2107"]
[BlackElo "2482"]
[PlyCount "94"]
[EventDate "2017.09.29"]
[EventType "swiss"]
[EventRounds "8"]
[EventCountry "SWE"]
[SourceTitle "EXT 2018"]
[Source "ChessBase"]
[SourceDate "2017.10.13"]
[SourceVersion "1"]
[SourceVersionDate "2017.10.13"]
[SourceQuality "1"]

1. Nf3 f5 2. c4 Nf6 3. g3 g6 4. Bg2 Bg7 5. 0-0 0-0 6. Nc3 d6 7. d3 Nh5 8. e3 Nc6 9. Ne1 Kh8 10. Rb1 a5 11. Bd2 e5 12. f4 Be6 13. a3 Qd7 14. b4 axb4 15. axb4 Rae8 16. Nc2 e4 17. dxe4 Bxc4 18. Rf2 fxe4 19. Nxe4 d5 20. Bc3 Rxe4 21. Bxg7+ Qxg7 22. Bxe4 dxe4 23. b5 Ne7 24. Nd4 Qf7 25. Rc1 Nd5 26. Qc2 Bd3 27. Qb2 Kg8 28. Re1 Ng7 29. g4 Ne6 30. f5 Nxd4 31. Qxd4 g5 32. Rc1 Nf6 33. h3 Bxb5 34. Rc5 Bc6 35. Rd2 Re8 36. Re5 Kg7 37. Kf2 h6 38. Rxe8 Qxe8 39. Kg3 Qe7 40. Kf2 Be8 41. Kg3 Bf7 42. Kf2 b5 43. Rd1 c5 44. Qc3 b4 45. Qd2 Qe5 46. Kg2 b3 47. Rb1 c4 0-1

[Event "Vasteras op"]
[Site "Vasteras"]
[Date "2017.09.29"]
[Round "1"]
[White "Semcesen, Daniel"]
[Black "Madsen, Jens Ingemann"]
[Result "1-0"]
[WhiteElo "2482"]
[BlackElo "1976"]
[PlyCount "57"]
[EventDate "2017.09.29"]
[EventType "swiss"]
[EventRounds "8"]
[EventCountry "SWE"]
[SourceTitle "EXT 2018"]
[Source "ChessBase"]
[SourceDate "2017.10.13"]
[SourceVersion "1"]
[SourceVersionDate "2017.10.13"]
[SourceQuality "1"]

1. d4 e6 2. c4 Nf6 3. Nc3 Bb4 4. a3 Bxc3+ 5. bxc3 0-0 6. f3 c5 7. e4 d6 8. d5 e5 9. Bg5 Nbd7 10. Bd3 h6 11. Be3 Nh5 12. Ne2 g5 13. g3 Ng7 14. g4 Re8 15. h4 Nf8 16. hxg5 hxg5 17. Qd2 f6 18. Rh6 Kf7 19. Kf2 Ng6 20. Rah1 Rh8 21. Rxh8 Nxh8 22. Ng3 Ng6 23. Rh6 Bd7 24. Nf5 Qf8 25. Bxg5 Nxf5 26. exf5 fxg5 27. fxg6+ Kg8 28. g7 Qe7 29. Rh8+ 1-0

[Event "Lund CellaVision Cup"]
[Site "Lund"]
[Date "2017.08.06"]
[Round "7"]
[White "Volkov, Sergey"]
[Black "Semcesen, Daniel"]
[Result "0-1"]
[WhiteElo "2637"]
[BlackElo "2476"]
[PlyCount "62"]
[EventDate "2017.08.04"]
[EventType "swiss"]
[EventRounds "8"]
[EventCountry "SWE"]
[SourceTitle "CBM 180 Extra"]
[Source "ChessBase"]
[SourceDate "2017.10.06"]
[SourceVersion "1"]
[SourceVersionDate "2017.10.06"]
[SourceQuality "1"]

1. d4 f5 2. Bg5 h6 3. Bh4 g5 4. e3 Nf6 5. Bg3 d6 6. h4 Rg8 7. hxg5 hxg5 8. Nc3 e6 9. Qd2 Qe7 10. Bc4 Nc6 11. 0-0-0 Bd7 12. d5 exd5 13. Nxd5 Nxd5 14. Bxd5 Rg6 15. Nf3 0-0-0 16. Bxc6 Bxc6 17. Qa5 Kb8 18. Qxf5 Be4 19. Qg4 Bg7 20. c3 d5 21. Nd4 Ra6 22. a3 Bf6 23. Nb5 Rc6 24. Nd4 Rb6 25. f3 Bg6 26. Bf2 c5 27. Ne2 d4 28. exd4 Qxe2 29. Rd2 Qc4 30. Bg3+ Ka8 31. dxc5 Qxc3+ 0-1

[Event "SWE-chT 1617"]
[Site "Sweden"]
[Date "2017.03.26"]
[Round "9.2"]
[White "Ornstein, Axel"]
[Black "Semcesen, Daniel"]
[Result "0-1"]
[WhiteElo "2337"]
[BlackElo "2457"]
[PlyCount "78"]
[EventDate "2016.10.14"]
[EventType "team-tourn"]
[EventRounds "9"]
[EventCountry "SWE"]
[SourceTitle "CBM 177 Extra"]
[Source "ChessBase"]
[SourceDate "2017.04.27"]
[SourceVersion "1"]
[SourceVersionDate "2017.04.27"]
[SourceQuality "1"]
[WhiteTeam "Eksjo"]
[BlackTeam "Lunds"]
[WhiteTeamCountry "SWE"]
[BlackTeamCountry "SWE"]

1. e4 e5 2. Nf3 Nc6 3. Nc3 Nf6 4. d4 exd4 5. Nxd4 Bb4 6. Nxc6 bxc6 7. Bd3 d5 8. exd5 cxd5 9. 0-0 0-0 10. h3 Re8 11. Qf3 c6 12. Bf4 Bd6 13. Rfe1 Be6 14. Rad1 Qb8 15. Bxd6 Qxd6 16. Ne2 Qb4 17. b3 a5 18. Nd4 Bd7 19. c3 Qd6 20. Bf5 Rxe1+ 21. Rxe1 Re8 22. Rxe8+ Bxe8 23. Qe3 g6 24. Bd3 Bd7 25. Nc2 c5 26. c4 d4 27. Qe1 Qb6 28. Qe5 h5 29. Kf1 Ne8 30. Ne1 Qd6 31. Qxd6 Nxd6 32. Ke2 Kg7 33. f3 Bc6 34. Bc2 Kf6 35. Nd3 Nb7 36. Nf2 Ke5 37. g3 Kd6 38. Be4 Bxe4 39. Nxe4+ Kc6 0-1

[Event "SWE-chT 1617"]
[Site "Sweden"]
[Date "2017.03.25"]
[Round "8.1"]
[White "Ivanov, Sergey1111"]
[Black "Semcesen, Daniel"]
[Result "0-1"]
[WhiteElo "2547"]
[BlackElo "2457"]
[PlyCount "78"]
[EventDate "2016.10.14"]
[EventType "team-tourn"]
[EventRounds "9"]
[EventCountry "SWE"]
[SourceTitle "CBM 177 Extra"]
[Source "ChessBase"]
[SourceDate "2017.04.27"]
[SourceVersion "1"]
[SourceVersionDate "2017.04.27"]
[SourceQuality "1"]
[WhiteTeam "Viking Team"]
[BlackTeam "Lunds"]
[WhiteTeamCountry "SWE"]
[BlackTeamCountry "SWE"]

1. d4 f5 2. c4 Nf6 3. Nc3 d6 4. Nf3 g6 5. g3 Bg7 6. Bg2 0-0 7. 0-0 c6 8. d5 Bd7 9. Rb1 Na6 10. b4 Rc8 11. dxc6 bxc6 12. a3 Nc7 13. Qb3 Ne6 14. Rd1 Qe8 15. Be3 a6 16. a4 Kh8 17. a5 Ng4 18. Bb6 g5 19. e3 Qh5 20. Ne2 Rf6 21. h3 Nh6 22. Ned4 g4 23. Nxe6 Bxe6 24. hxg4 fxg4 25. Nd4 Bd7 26. e4 Rcf8 27. Ne2 e5 28. Be3 Nf7 29. c5 Bh6 30. Bxh6 Rxh6 31. Kf1 Rf6 32. Rb2 Be6 33. Qc3 Ng5 34. Nc1 Qh2 35. Rxd6 Rxf2+ 36. Rxf2 Rxf2+ 37. Kxf2 Nxe4+ 38. Kf1 Nxc3 39. Rxe6 Qxg3 0-1

[Event "SWE-chT 1617"]
[Site "Sweden"]
[Date "2017.03.04"]
[Round "6.4"]
[White "Semcesen, Daniel"]
[Black "Jepson, Christian"]
[Result "1/2-1/2"]
[WhiteElo "2457"]
[BlackElo "2430"]
[PlyCount "49"]
[EventDate "2016.10.14"]
[EventType "team-tourn"]
[EventRounds "9"]
[EventCountry "SWE"]
[SourceTitle "CBM 177 Extra"]
[Source "ChessBase"]
[SourceDate "2017.04.27"]
[SourceVersion "1"]
[SourceVersionDate "2017.04.27"]
[SourceQuality "1"]
[WhiteTeam "Lunds"]
[BlackTeam "Limhamn"]
[WhiteTeamCountry "SWE"]
[BlackTeamCountry "SWE"]

1. d4 d5 2. c4 e6 3. Nc3 Nf6 4. cxd5 exd5 5. Bg5 Be7 6. e3 c6 7. Qc2 Nbd7 8. Bd3 Nh5 9. Bxe7 Qxe7 10. 0-0-0 Nb6 11. h3 g6 12. Nf3 Be6 13. Kb1 Ng7 14. g4 0-0-0 15. Rc1 Kb8 16. Na4 Nxa4 17. Qxa4 Ne8 18. Rc3 Nd6 19. Ra3 Nc8 20. Rc1 Rd6 21. Qb4 Rd7 22. Qa5 Rd6 23. Qb4 Rd7 24. Qa4 Rd6 25. Qb4 1/2-1/2

[Event "DEN-chT 1617 55th"]
[Site "Denmark"]
[Date "2017.01.29"]
[Round "6.3"]
[White "Semcesen, Daniel"]
[Black "Skytte, Rasmus"]
[Result "1-0"]
[WhiteElo "2457"]
[BlackElo "2398"]
[PlyCount "101"]
[EventDate "2016.10.29"]
[EventType "team-tourn"]
[EventRounds "9"]
[EventCountry "DEN"]
[SourceTitle "EXT 2018"]
[Source "ChessBase"]
[SourceDate "2017.10.13"]
[SourceVersion "1"]
[SourceVersionDate "2017.10.13"]
[SourceQuality "1"]
[WhiteTeam "Skanderborg Nordea"]
[BlackTeam "Aarhus/Skolerne"]
[WhiteTeamCountry "DEN"]
[BlackTeamCountry "DEN"]

1. d4 Nf6 2. c4 e6 3. Nc3 Bb4 4. Qc2 Nc6 5. Nf3 d6 6. Bd2 0-0 7. a3 Bxc3 8. Bxc3 Qe7 9. e3 e5 10. d5 Nb8 11. Be2 Bg4 12. h3 Bh5 13. 0-0 c6 14. dxc6 Nxc6 15. b4 Bg6 16. Qb3 Ne4 17. Bb2 a5 18. Rfd1 a4 19. Qa2 Kh8 20. Rac1 b6 21. Nd2 Nxd2 22. Rxd2 f6 23. Rcd1 Rfd8 24. Bc3 Bf7 25. b5 Na5 26. Bxa5 Rxa5 27. Qb2 d5 28. cxd5 h6 29. e4 Raa8 30. Rc1 f5 31. Bf3 Qg5 32. Rc7 Rf8 33. Qc3 Rad8 34. Qe3 Qxe3 35. fxe3 fxe4 36. Bxe4 Be8 37. Rc6 Bxc6 38. bxc6 Rd6 39. Rb2 g6 40. Rxb6 Kg7 41. Ra6 Kf6 42. Rxa4 Rb8 43. Ra6 Ke7 44. Ra7+ Kf6 45. Bf3 e4 46. Bxe4 Re8 47. Ra4 Ke5 48. Bf3 Rb8 49. Re4+ Kf6 50. Rc4 Rc8 51. Kf2 1-0

[Event "EU-Cup 32nd"]
[Site "Novi Sad"]
[Date "2016.11.06"]
[Round "1.2"]
[White "Bauer, Christian"]
[Black "Semcesen, Daniel"]
[Result "1-0"]
[WhiteElo "2632"]
[BlackElo "2469"]
[PlyCount "71"]
[EventDate "2016.11.06"]
[EventType "team-swiss"]
[EventRounds "7"]
[EventCountry "SRB"]
[SourceTitle "CBM 176"]
[Source "ChessBase"]
[SourceDate "2017.01.17"]
[SourceVersion "1"]
[SourceVersionDate "2017.01.17"]
[SourceQuality "1"]
[WhiteTeam "Zuerich SG"]
[BlackTeam "Skanderborg Nordea"]
[WhiteTeamCountry "SUI"]
[BlackTeamCountry "DEN"]

1. c4 e5 2. a3 c6 3. Nf3 e4 4. Nd4 g6 5. d3 exd3 6. Qxd3 Bg7 7. Nc3 Nf6 8. Bf4 0-0 9. Bd6 Re8 10. 0-0-0 Na6 11. e4 Qb6 12. Qf3 h5 13. h3 Nh7 14. Qe3 Nc5 15. Kb1 Bf8 16. Qf4 Bxd6 17. Qxd6 Ne6 18. f4 Nxd4 19. c5 Qa5 20. Qxd4 b6 21. Bc4 Qxc5 22. Qxc5 bxc5 23. Rd6 Kg7 24. e5 h4 25. Ne4 Rb8 26. Re1 Re7 27. Kc2 Nf8 28. Nxc5 Ne6 29. Bxe6 dxe6 30. Rd8 Rb5 31. b4 Rc7 32. Red1 a5 33. Kc3 g5 34. fxg5 axb4+ 35. axb4 Kg6 36. Rf1 1-0

[Event "Copenhagen OeBRO 80th anniv"]
[Site "Copenhagen"]
[Date "2016.10.21"]
[Round "6"]
[White "Semcesen, Daniel"]
[Black "Aczel, Gergely"]
[Result "1/2-1/2"]
[WhiteElo "2457"]
[BlackElo "2506"]
[PlyCount "62"]
[EventDate "2016.10.18"]
[EventType "swiss"]
[EventRounds "9"]
[EventCountry "DEN"]
[SourceTitle "CBM 175 Extra"]
[Source "ChessBase"]
[SourceDate "2016.12.12"]
[SourceVersion "1"]
[SourceVersionDate "2016.12.12"]
[SourceQuality "1"]

1. d4 Nf6 2. c4 e6 3. Nc3 Bb4 4. Qc2 0-0 5. a3 Bxc3+ 6. Qxc3 b6 7. Bg5 Bb7 8. f3 h6 9. Bh4 d5 10. e3 c5 11. dxc5 Nbd7 12. cxd5 g5 13. Bf2 Nxd5 14. Qc2 Nxc5 15. e4 Nf4 16. Rd1 Qf6 17. g3 Ng6 18. Bd4 e5 19. Bxc5 Rfc8 20. Bd3 bxc5 21. Bc4 Rd8 22. Rxd8+ Rxd8 23. Ne2 Qd6 24. 0-0 Qd2 25. Qb3 Rd7 26. Qc3 h5 27. Kf2 Qxc3 28. bxc3 Rd6 29. Rb1 Rb6 30. Rb5 Rxb5 31. Bxb5 Kf8 1/2-1/2

[Event "Copenhagen OeBRO 80th anniv"]
[Site "Copenhagen"]
[Date "2016.10.18"]
[Round "1"]
[White "Semcesen, Daniel"]
[Black "Reimanis, Ritvars"]
[Result "1/2-1/2"]
[WhiteElo "2457"]
[BlackElo "2199"]
[PlyCount "108"]
[EventDate "2016.10.18"]
[EventType "swiss"]
[EventRounds "9"]
[EventCountry "DEN"]
[SourceTitle "CBM 175 Extra"]
[Source "ChessBase"]
[SourceDate "2016.12.12"]
[SourceVersion "1"]
[SourceVersionDate "2016.12.12"]
[SourceQuality "1"]

1. d4 Nf6 2. c4 e6 3. Nc3 Bb4 4. Qc2 0-0 5. a3 Bxc3+ 6. Qxc3 b6 7. Bg5 Bb7 8. f3 d6 9. e3 Re8 10. Nh3 e5 11. 0-0-0 Qe7 12. e4 c5 13. d5 Na6 14. Bd3 Nc7 15. Qb3 Reb8 16. Nf2 Bc8 17. h3 b5 18. Ng4 bxc4 19. Qxc4 Nce8 20. Rd2 Rb6 21. Qc2 Rab8 22. Kb1 Qb7 23. Ne3 Qc7 24. Nc4 R6b7 25. Ka2 Bd7 26. Qc3 Qd8 27. Be3 Qe7 28. Rc1 Ba4 29. Na5 Rb6 30. Bc4 Nc7 31. Qd3 Qe8 32. b4 Nd7 33. Rb2 cxb4 34. axb4 Ra8 35. Kb1 Rbb8 36. Nc6 Rb7 37. Na5 Rbb8 38. Nc6 Rb7 39. b5 Nb6 40. Na5 Rbb8 41. Nc6 Rb7 42. Bxb6 Rxb6 43. Rb4 a6 44. Qe3 Rxb5 45. Bxb5 axb5 46. Qb6 Na6 47. Rb2 Qd7 48. Nb4 Nc5 49. Rxc5 dxc5 50. Qxc5 f6 51. Nc6 Kf7 52. Kc1 b4 53. Kd2 Rc8 54. Ke2 Bxc6 1/2-1/2

[Event "Vasteras op"]
[Site "Vasteras"]
[Date "2016.09.25"]
[Round "8"]
[White "Hauge, Lars Oskar"]
[Black "Semcesen, Daniel"]
[Result "1-0"]
[WhiteElo "2385"]
[BlackElo "2457"]
[PlyCount "57"]
[EventDate "2016.09.23"]
[EventType "swiss"]
[EventRounds "8"]
[EventCountry "SWE"]
[SourceTitle "CBM 174 Extra"]
[Source "ChessBase"]
[SourceDate "2016.10.10"]
[SourceVersion "1"]
[SourceVersionDate "2016.10.10"]
[SourceQuality "1"]

1. e4 d6 2. d4 Nf6 3. Nc3 Nbd7 4. g4 h6 5. f3 e5 6. Be3 c6 7. Qd2 Be7 8. Nge2 d5 9. exd5 Nxd5 10. Nxd5 cxd5 11. 0-0-0 0-0 12. Nc3 exd4 13. Bxd4 Nb6 14. Kb1 Be6 15. Bd3 Bf6 16. Qf4 Bg5 17. Qg3 Bh4 18. Qg1 Qb8 19. Ne2 Nc4 20. f4 Qc7 21. Ng3 f6 22. Nh5 b5 23. Qg2 Qf7 24. f5 Bd7 25. Qh3 Bg5 26. Qg3 Rfe8 27. Bxc4 dxc4 28. h4 Bc6 29. Rh2 1-0

[Event "Lund CellaVision Cup"]
[Site "Lund"]
[Date "2016.08.07"]
[Round "7"]
[White "Semcesen, Daniel"]
[Black "Tazbir, Marcin"]
[Result "1-0"]
[WhiteElo "2457"]
[BlackElo "2524"]
[PlyCount "79"]
[EventDate "2016.08.05"]
[EventType "swiss"]
[EventRounds "8"]
[EventCountry "SWE"]
[SourceTitle "CBM 173 Extra"]
[Source "ChessBase"]
[SourceDate "2016.08.29"]
[SourceVersion "1"]
[SourceVersionDate "2016.08.29"]
[SourceQuality "1"]

1. d4 d5 2. c4 e6 3. Nc3 Be7 4. cxd5 exd5 5. Bf4 c6 6. e3 Bf5 7. Nge2 Bg6 8. Ng3 Bd6 9. Bxd6 Qxd6 10. h4 h6 11. h5 Bh7 12. Qg4 Nd7 13. Qxg7 Qf6 14. Qxf6 Ngxf6 15. Nge2 Nf8 16. Nf4 Ne6 17. Nxe6 fxe6 18. f3 Ke7 19. g4 b6 20. Kd2 c5 21. Be2 Raf8 22. Rac1 Nd7 23. Rhg1 Rhg8 24. b3 Rg7 25. a3 a6 26. Na4 cxd4 27. exd4 Kd6 28. Rc3 b5 29. Nc5 Nxc5 30. Rxc5 Rf4 31. Rgc1 Rxd4+ 32. Ke3 Ke5 33. Rc6 Bg8 34. Rxa6 b4 35. a4 Rf4 36. Rb6 Ra7 37. Rc8 Bf7 38. Bd3 Rd4 39. Rcb8 Rc7 40. Rxb4 1-0

[Event "Lund CellaVision Cup"]
[Site "Lund"]
[Date "2016.08.05"]
[Round "1"]
[White "Cramling Bellon, Anna"]
[Black "Semcesen, Daniel"]
[Result "0-1"]
[WhiteElo "1970"]
[BlackElo "2457"]
[PlyCount "72"]
[EventDate "2016.08.05"]
[EventType "swiss"]
[EventRounds "8"]
[EventCountry "SWE"]
[SourceTitle "CBM 173 Extra"]
[Source "ChessBase"]
[SourceDate "2016.08.29"]
[SourceVersion "1"]
[SourceVersionDate "2016.08.29"]
[SourceQuality "1"]

1. d4 d6 2. c4 e5 3. dxe5 dxe5 4. Qxd8+ Kxd8 5. Nc3 c6 6. Nf3 f6 7. Bd2 Be6 8. e4 Nd7 9. 0-0-0 Bc5 10. Be3 Bxe3+ 11. fxe3 Kc7 12. Be2 a5 13. Rd2 Nc5 14. Rhd1 Nh6 15. h3 Nf7 16. b3 Rhd8 17. Rxd8 Nxd8 18. Nh4 Nf7 19. Nf5 g6 20. Ng3 h5 21. h4 Nd6 22. Rf1 Rf8 23. Kb2 Kd7 24. Kc2 Ke7 25. Bf3 Ra8 26. Rd1 a4 27. Kb2 a3+ 28. Kc2 Na6 29. Na4 Nb4+ 30. Kb1 Nxc4 31. Nf1 Nd6 32. Nc5 Bf7 33. Nd2 b6 34. Na4 Nxa2 35. Nxb6 Nc3+ 36. Kc2 Nxd1 0-1